000 00837nam a22002777a 4500
001 BR9801217
003 BR-BrBNA
005 20240122121238.0
007 ta
008 230509b bl.||||| |||| 00| 0 por d
040 _aBR-BrBNA
_bpor
_cBiblioteca Nacional de Agricultura
041 _a(Por)
072 _aA01
100 1 _aLima, D. de B.
110 1 _aUniversidade Federal Rural de Pernambuco, Recife (Brasil)
_0Tese (Mestre em Comunicacao Rural)
245 1 _aA dimensão retorica da agricultura:
_b argumentação e ideologia da semente melhorada /
260 3 _aRecife, PE (Brasil):
_c1994.
300 _a140 p.
500 _aSummaries (Eng, Por); Bibliography p. 134-140
650 _aAgricultura
650 _aSetor Agricola
650 _aSemente
650 _aVariedade
650 _aComunicacao
942 _cBK
_2AGRIS
999 _c59178
_d59178